[Event "Thessaloniki/Chalkidiki-chT"]
[Site "Thessaloniki/Chalkidiki"]
[Date "2019.03.17"]
[Round "8.6"]
[White "Vasileiadi, Eleni"]
[Black "Vasileiou, Aimilia"]
[Result "0-1"]
[WhiteElo "1111"]
[BlackElo "1705"]
[PlyCount "72"]
[EventDate "2019.01.13"]
[EventType "team-tourn"]
[EventRounds "9"]
[EventCountry "GRE"]
[SourceTitle "EXT 2020"]
[Source "ChessBase"]
[SourceDate "2019.10.17"]
[SourceVersion "1"]
[SourceVersionDate "2019.10.17"]
[SourceQuality "1"]
[WhiteTeam "Papafi Chronikos"]
[BlackTeam "Kalamarias ES"]
[WhiteTeamCountry "GRE"]
[BlackTeamCountry "GRE"]

1. d4 Nf6 2. Bf4 e6 3. Nf3 b6 4. e3 Bb7 5. h3 Be7 6. Bd3 0-0 7. Nbd2 d6 8. 0-0 Nbd7 9. Qe2 Nd5 10. Bh2 Nb4 11. c4 Nxd3 12. Qxd3 h6 13. Rac1 Bf6 14. Ne4 Qe7 15. Nxf6+ Qxf6 16. Nd2 e5 17. Rfe1 Rfe8 18. Re2 exd4 19. exd4 Rxe2 20. Qxe2 Qxd4 21. b3 Qb2 22. Rb1 Qxa2 23. Bf4 Ne5 24. Rd1 Qc2 25. Re1 Nd3 26. Bg3 Nxe1 27. Qxe1 Bc6 28. Bf4 Re8 29. Be3 Re6 30. Qe2 Rg6 31. f3 Re6 32. Qf2 Qb2 33. Bd4 Qc1+ 34. Nf1 Re1 35. Bb2 Rxf1+ 36. Qxf1 Qxb2 0-1

[Event "Thessaloniki/Chalkidiki-chT"]
[Site "Thessaloniki/Chalkidiki"]
[Date "2019.02.17"]
[Round "5.6"]
[White "Vasileiou, Aimilia"]
[Black "Palaiochorinou, Agni"]
[Result "1-0"]
[WhiteElo "1705"]
[BlackElo "1148"]
[PlyCount "95"]
[EventDate "2019.01.13"]
[EventType "team-tourn"]
[EventRounds "9"]
[EventCountry "GRE"]
[SourceTitle "EXT 2020"]
[Source "ChessBase"]
[SourceDate "2019.10.17"]
[SourceVersion "1"]
[SourceVersionDate "2019.10.17"]
[SourceQuality "1"]
[WhiteTeam "Kalamarias ES"]
[BlackTeam "Polygyrou ASO"]
[WhiteTeamCountry "GRE"]
[BlackTeamCountry "GRE"]

1. d4 d5 2. Nf3 Nf6 3. c4 c6 4. Qc2 Ne4 5. e3 Nd7 6. Bd3 Ndf6 7. 0-0 Qc7 8. cxd5 Bf5 9. Ne5 Rc8 10. dxc6 bxc6 11. f3 Nd6 12. Bxf5 Nxf5 13. Qxf5 e6 14. Qc2 Bd6 15. f4 0-0 16. Nd2 h6 17. Ndc4 c5 18. Nxd6 Qxd6 19. Qa4 Qb6 20. b3 a6 21. Ba3 Qb5 22. Qxb5 axb5 23. Bxc5 Rfe8 24. Rac1 Ra8 25. Rc2 Nd5 26. Re1 Ra5 27. Nc6 Ra6 28. Nb4 Nxb4 29. Bxb4 Rb8 30. Rec1 Raa8 31. a3 Rd8 32. Rc7 Re8 33. Rb7 Rec8 34. Rxc8+ Rxc8 35. Bc5 b4 36. Rxb4 Ra8 37. Rb7 g6 38. Ra7 Rxa7 39. Bxa7 Kf8 40. b4 Ke7 41. b5 Kd8 42. b6 Kc8 43. a4 Kb7 44. a5 Ka6 45. e4 f5 46. d5 exd5 47. exd5 Kb7 48. d6 1-0

[Event "GRE-chT 44th"]
[Site "Achaia"]
[Date "2016.07.07"]
[Round "4.17"]
[White "Vasileiou, Aimilia"]
[Black "Galati, Anna"]
[Result "1-0"]
[WhiteElo "1663"]
[BlackElo "1031"]
[PlyCount "109"]
[EventDate "2016.07.05"]
[EventType "team-swiss"]
[EventRounds "7"]
[EventCountry "GRE"]
[SourceTitle "CBM 173 Extra"]
[Source "ChessBase"]
[SourceDate "2016.08.29"]
[SourceVersion "1"]
[SourceVersionDate "2016.08.29"]
[SourceQuality "1"]
[WhiteTeam "St Nicholas Lato"]
[BlackTeam "Elefsinas STM"]
[WhiteTeamCountry "GRE"]
[BlackTeamCountry "GRE"]

1. d4 e6 2. c4 d5 3. Nc3 Nf6 4. Bg5 Be7 5. e3 0-0 6. Nf3 h6 7. Bf4 Bd6 8. Bg3 Nc6 9. c5 Bxg3 10. hxg3 b6 11. cxb6 axb6 12. Rc1 Bb7 13. Bd3 Re8 14. Bb5 Re7 15. a3 e5 16. Bxc6 Bxc6 17. Nxe5 Bd7 18. Qb3 Be8 19. Nd3 Rd7 20. 0-0 Rd6 21. Rc2 Ne4 22. Rfc1 c6 23. Nxe4 dxe4 24. Ne5 Rc8 25. Nc4 Rd5 26. Qxb6 Rb5 27. Qxd8 Rxd8 28. Ne5 Rdb8 29. Nxc6 Bxc6 30. Rxc6 Rxb2 31. g4 R2b3 32. Rc8+ Rxc8 33. Rxc8+ Kh7 34. a4 Ra3 35. Ra8 Ra1+ 36. Kh2 Rf1 37. Kg3 g5 38. a5 Kg6 39. a6 h5 40. gxh5+ Kxh5 41. a7 Ra1 42. Rh8+ Kg6 43. a8Q Rxa8 44. Rxa8 f5 45. d5 Kf6 46. Rg8 g4 47. Kf4 Ke7 48. Kxf5 Kd6 49. Kxe4 Kd7 50. Ke5 g3 51. fxg3 Ke7 52. d6+ Kd7 53. Rg7+ Kd8 54. Ke6 Ke8 55. Rg8# 1-0

[Event "GRE-chT 44th"]
[Site "Achaia"]
[Date "2016.07.05"]
[Round "1.3"]
[White "Vasileiou, Aimilia"]
[Black "Tsolakidou, Stavroula"]
[Result "0-1"]
[WhiteElo "1663"]
[BlackElo "2364"]
[PlyCount "78"]
[EventDate "2016.07.05"]
[EventType "team-swiss"]
[EventRounds "7"]
[EventCountry "GRE"]
[SourceTitle "CBM 173 Extra"]
[Source "ChessBase"]
[SourceDate "2016.08.29"]
[SourceVersion "1"]
[SourceVersionDate "2016.08.29"]
[SourceQuality "1"]
[WhiteTeam "St Nicholas Lato"]
[BlackTeam "Kavalas SO"]
[WhiteTeamCountry "GRE"]
[BlackTeamCountry "GRE"]

1. d4 Nf6 2. Bf4 e6 3. Nf3 c5 4. e3 cxd4 5. exd4 Be7 6. h3 b6 7. c3 Bb7 8. Nbd2 d6 9. Bb5+ Nbd7 10. 0-0 0-0 11. Re1 a6 12. Bd3 Re8 13. Ne4 Nxe4 14. Bxe4 Bxe4 15. Rxe4 Nf6 16. Re2 b5 17. Rc1 Rc8 18. a4 Nd5 19. Bd2 Nb6 20. axb5 axb5 21. b3 Qd7 22. Be1 Rc7 23. Ra2 Rb8 24. Qd3 d5 25. Rca1 Qe8 26. Ra5 Nc8 27. Ra8 Nd6 28. Rxb8 Qxb8 29. Bd2 Qc8 30. Be1 f6 31. Nh2 Qb8 32. f3 Ra7 33. Qb1 Qa8 34. Rxa7 Qxa7 35. Qb2 b4 36. cxb4 Nb5 37. Bc3 Bd8 38. Kf2 Bb6 39. Ke3 Qc7 0-1

[Event "GRE-ch U16 Girls"]
[Site "Porto Rio"]
[Date "2016.07.04"]
[Round "9"]
[White "Vasileiou, Aimilia"]
[Black "Pasoglou, Ekaterini"]
[Result "1/2-1/2"]
[WhiteElo "1666"]
[BlackElo "1809"]
[PlyCount "82"]
[EventDate "2016.06.28"]
[EventType "swiss"]
[EventRounds "9"]
[EventCountry "GRE"]
[SourceTitle "CBM 173 Extra"]
[Source "ChessBase"]
[SourceDate "2016.08.29"]
[SourceVersion "1"]
[SourceVersionDate "2016.08.29"]
[SourceQuality "1"]

1. d4 Nf6 2. Nf3 e6 3. Bg5 c5 4. c3 Qb6 5. Qc2 Nc6 6. e3 d5 7. Bd3 Bd7 8. 0-0 h6 9. Bh4 Rc8 10. Nbd2 cxd4 11. exd4 Nb4 12. Qb1 Nxd3 13. Qxd3 Bb5 14. Qc2 Bxf1 15. Rxf1 Be7 16. Re1 0-0 17. Ne5 Qxd4 18. Ndf3 Qb4 19. Bxf6 Bxf6 20. Nd7 Rfd8 21. Nxf6+ gxf6 22. Qd2 Qf8 23. Qd4 Qg7 24. Re3 b6 25. Qa4 Qh7 26. Ne1 Rd6 27. Qf4 Rcd8 28. Qxf6 d4 29. cxd4 Rxd4 30. Qe7 Qf5 31. h3 R4d7 32. Qb4 Rd1 33. Rg3+ Kh7 34. Rf3 Qg6 35. Qc3 Qg7 36. Qc2+ Kh8 37. Kf1 Qe5 38. Re3 Qb5+ 39. Kg1 Qb4 40. Kf1 Qd2 41. Qc7 Rd7 1/2-1/2

[Event "GRE-ch U16 Girls"]
[Site "Porto Rio"]
[Date "2016.07.01"]
[Round "5"]
[White "Vozinaki, Anthi Maria"]
[Black "Vasileiou, Aimilia"]
[Result "1/2-1/2"]
[WhiteElo "1823"]
[BlackElo "1666"]
[PlyCount "150"]
[EventDate "2016.06.28"]
[EventType "swiss"]
[EventRounds "9"]
[EventCountry "GRE"]
[SourceTitle "CBM 173 Extra"]
[Source "ChessBase"]
[SourceDate "2016.08.29"]
[SourceVersion "1"]
[SourceVersionDate "2016.08.29"]
[SourceQuality "1"]

1. e4 e5 2. Nf3 Nc6 3. Bb5 a6 4. Ba4 Nf6 5. d3 d6 6. c3 Be7 7. 0-0 0-0 8. Re1 b5 9. Bb3 h6 10. h3 Na5 11. Bc2 c5 12. Nbd2 Nc6 13. Nf1 Re8 14. Ne3 Bf8 15. a4 b4 16. Bb3 Rb8 17. Nd5 Na5 18. Nxf6+ Qxf6 19. Bd5 bxc3 20. bxc3 Be6 21. Be3 Bxd5 22. exd5 Rb3 23. Nd2 Rb2 24. Rb1 Reb8 25. Rxb2 Rxb2 26. Qa1 Rb8 27. Rb1 Qd8 28. Rxb8 Qxb8 29. Qb1 Qxb1+ 30. Nxb1 Be7 31. Nd2 f5 32. Nf3 Nb3 33. Kf1 Bd8 34. Nd2 Nxd2+ 35. Bxd2 Kf7 36. Ke2 Bf6 37. c4 Bd8 38. Bc3 g5 39. Ke3 Kg6 40. g4 h5 41. f3 f4+ 42. Ke4 h4 43. Bxe5 dxe5 44. Kxe5 Kf7 45. Kd6 Ke8 46. Kxc5 Kd7 47. d6 Ke6 48. Kc6 Ke5 49. c5 Kd4 50. d7 Be7 51. Kc7 Kxc5 52. d8Q Bxd8+ 53. Kxd8 Kd4 54. Kc7 Kxd3 55. Kb6 Ke3 56. Kxa6 Kxf3 57. Kb6 Kg3 58. a5 f3 59. a6 f2 60. a7 f1Q 61. a8Q Kxh3 62. Qe4 Qg1+ 63. Kb5 Qxg4 64. Qh1+ Kg3 65. Qg1+ Kf4 66. Qd4+ Kf3 67. Qd5+ Qe4 68. Qxg5 Qd3+ 69. Kb4 Qd4+ 70. Kb5 Qg4 71. Qd5+ Qe4 72. Qb3+ Kf2 73. Qf7+ Qf3 74. Qa7+ Kg3 75. Qg7+ Qg4 1/2-1/2

[Event "EU-ch U16 Girls 25th"]
[Site "Porec"]
[Date "2015.09.21"]
[Round "1"]
[White "Stanciu, Andreea Briana"]
[Black "Vasileiou, Aimilia"]
[Result "1-0"]
[WhiteElo "1985"]
[BlackElo "1642"]
[PlyCount "39"]
[EventDate "2015.09.21"]
[EventType "swiss"]
[EventRounds "9"]
[EventCountry "CRO"]
[SourceTitle "EXT 2016"]
[Source "ChessBase"]
[SourceDate "2015.10.08"]
[SourceVersion "1"]
[SourceVersionDate "2015.10.08"]
[SourceQuality "1"]

1. e4 c5 2. Nf3 d6 3. d4 cxd4 4. Nxd4 Nf6 5. Nc3 a6 6. Bg5 Nbd7 7. f4 Qc7 8. Qf3 h6 9. Bxf6 Nxf6 10. Bd3 b5 11. e5 Bb7 12. Qe2 dxe5 13. fxe5 0-0-0 14. Ndxb5 axb5 15. exf6 exf6 16. 0-0-0 b4 17. Bf5+ Kb8 18. Rxd8+ Qxd8 19. Rd1 Qc7 20. Qe8+ 1-0

[Event "GRE-ch U16 Girls"]
[Site "Rio Achaia"]
[Date "2015.06.30"]
[Round "5.1"]
[White "Vasileiou, Aimilia"]
[Black "Petraki, Evaggelia"]
[Result "0-1"]
[WhiteElo "1526"]
[BlackElo "1468"]
[PlyCount "88"]
[EventDate "2015.06.26"]
[EventType "swiss"]
[EventRounds "9"]
[EventCountry "GRE"]
[SourceTitle "EXT 2024"]
[Source "ChessBase"]
[SourceDate "2023.10.10"]
[SourceVersion "1"]
[SourceVersionDate "2023.10.10"]
[SourceQuality "1"]

1. d4 d5 2. c4 c6 3. Nf3 Nf6 4. Qb3 e6 5. Bg5 h6 6. Bh4 Nbd7 7. Nbd2 Qb6 8. Qxb6 axb6 9. a3 Bd6 10. e3 0-0 11. cxd5 exd5 12. Rc1 b5 13. Bg3 Bxg3 14. hxg3 Nb6 15. Bd3 Nc4 16. Nxc4 bxc4 17. Bb1 Ra6 18. Kd2 Rb6 19. Kc2 Bf5+ 20. Kd1 Ne4 21. Bxe4 Bxe4 22. Re1 Bxf3+ 23. gxf3 Rxb2 24. Re2 Rb3 25. Ra2 Ra8 26. a4 Ra5 27. Rca1 Rb6 28. Kc2 Rba6 29. Rb2 Rxa4 30. Rxa4 Rxa4 31. Rxb7 Ra2+ 32. Rb2 Rxb2+ 33. Kxb2 h5 34. f4 Kf8 35. Kc3 Ke7 36. f3 g6 37. e4 Ke6 38. Kb4 f6 39. e5 g5 40. f5+ Kxf5 41. g4+ hxg4 42. fxg4+ Ke6 43. exf6 Kxf6 44. Kc3 Ke6 0-1

[Event "GRE-ch U16 Girls"]
[Site "Rio Achaia"]
[Date "2015.06.26"]
[Round "1.6"]
[White "Nikolaidou, Maria"]
[Black "Vasileiou, Aimilia"]
[Result "0-1"]
[WhiteElo "1333"]
[BlackElo "1526"]
[PlyCount "48"]
[EventDate "2015.06.26"]
[EventType "swiss"]
[EventRounds "9"]
[EventCountry "GRE"]
[SourceTitle "EXT 2024"]
[Source "ChessBase"]
[SourceDate "2023.10.10"]
[SourceVersion "1"]
[SourceVersionDate "2023.10.10"]
[SourceQuality "1"]

1. d4 d5 2. Nf3 Nf6 3. h3 Bf5 4. Bf4 e6 5. e3 Bd6 6. Ne5 Nbd7 7. g4 Bg6 8. Nxg6 hxg6 9. Bg5 c5 10. f3 Qa5+ 11. Nd2 Bg3+ 12. Ke2 Qa6+ 13. c4 dxc4 14. f4 c3+ 15. Kf3 Qc6+ 16. e4 cxd2 17. Kxg3 Nxe4+ 18. Kh2 Nf2 19. Bg2 Qd6 20. Qxd2 Nxh1 21. Bxh1 f6 22. Bxf6 gxf6 23. Bxb7 Rb8 24. Bf3 Rb4 0-1

[Event "GRE-chT 42nd"]
[Site "Porto Rio"]
[Date "2014.06.29"]
[Round "3.6"]
[White "Vasileiou, Aimilia"]
[Black "Fragou, Maria V"]
[Result "1/2-1/2"]
[WhiteElo "1458"]
[BlackElo "1303"]
[PlyCount "135"]
[EventDate "2014.06.28"]
[EventType "team-swiss"]
[EventRounds "7"]
[EventCountry "GRE"]
[SourceTitle "CBM 161 Extra"]
[Source "ChessBase"]
[SourceDate "2014.08.29"]
[SourceVersion "1"]
[SourceVersionDate "2014.08.29"]
[SourceQuality "1"]
[WhiteTeam "Saint Nicholas Lato"]
[BlackTeam "Kalamata Poseidon"]
[WhiteTeamCountry "GRE"]
[BlackTeamCountry "GRE"]

1. d4 Nf6 2. c4 e6 3. Nf3 Bb4+ 4. Bd2 Bxd2+ 5. Nbxd2 0-0 6. e3 b6 7. Bd3 Bb7 8. 0-0 d6 9. Qc2 Re8 10. Ne4 h6 11. Nxf6+ Qxf6 12. e4 Nd7 13. Rad1 e5 14. d5 Nc5 15. Rfe1 a5 16. Re3 Bc8 17. h3 g6 18. Nh2 h5 19. Rf3 Qe7 20. Qe2 Kg7 21. Re1 Rh8 22. Qd1 Bd7 23. Rf1 h4 24. Re3 a4 25. f4 exf4 26. Rxf4 Qe5 27. Rf2 f5 28. Qf3 Nxd3 29. Rxd3 Qxe4 30. Qxe4 fxe4 31. Re3 Rae8 32. Rf4 g5 33. Rfxe4 Rxe4 34. Rxe4 Kf6 35. Kf2 Re8 36. Rxe8 Bxe8 37. Ke3 Bh5 38. Nf1 Kf5 39. Nd2 Bd1 40. Nf3 g4 41. Nd4+ Ke5 42. hxg4 Bxg4 43. Nb5 h3 44. gxh3 Bxh3 45. Kd3 Bf5+ 46. Kc3 Bb1 47. a3 Ba2 48. Nxc7 Bb3 49. Nb5 Bd1 50. Na7 Bb3 51. Nc6+ Ke4 52. Nd4 Bd1 53. b3 axb3 54. Nxb3 b5 55. cxb5 Kxd5 56. a4 Bg4 57. a5 Bc8 58. Kb4 Bb7 59. a6 Bxa6 60. bxa6 Kc6 61. Ka5 d5 62. Nd4+ Kc7 63. Nb5+ Kc6 64. a7 Kb7 65. Kb4 d4 66. Kc4 d3 67. Kxd3 Ka8 68. Kd4 1/2-1/2

[Event "GRE-chT 42nd"]
[Site "Porto Rio"]
[Date "2014.06.28"]
[Round "1.7"]
[White "Louka, Magdalini"]
[Black "Vasileiou, Aimilia"]
[Result "1/2-1/2"]
[WhiteElo "1415"]
[BlackElo "1458"]
[PlyCount "78"]
[EventDate "2014.06.28"]
[EventType "team-swiss"]
[EventRounds "7"]
[EventCountry "GRE"]
[SourceTitle "CBM 161 Extra"]
[Source "ChessBase"]
[SourceDate "2014.08.29"]
[SourceVersion "1"]
[SourceVersionDate "2014.08.29"]
[SourceQuality "1"]
[WhiteTeam "Nice Fysiolatris"]
[BlackTeam "Saint Nicholas Lato"]
[WhiteTeamCountry "GRE"]
[BlackTeamCountry "GRE"]

1. e4 c5 2. Nf3 d6 3. Bb5+ Bd7 4. Bxd7+ Nxd7 5. 0-0 Ngf6 6. Re1 Qc7 7. c4 e6 8. Nc3 a6 9. Qe2 h6 10. d4 cxd4 11. Nxd4 Rc8 12. b3 Qc5 13. Be3 Qh5 14. Qxh5 Nxh5 15. Rac1 Nhf6 16. f3 Be7 17. Red1 0-0 18. Kh1 Rfd8 19. g4 Ne5 20. Rg1 Nh7 21. Rg2 Ng6 22. Na4 Bg5 23. Bxg5 Nxg5 24. Rf2 Nf4 25. Rd1 Ngh3 26. Rff1 g6 27. Rd2 Kg7 28. Ne2 Kh7 29. Nxf4 Nxf4 30. Rfd1 b5 31. cxb5 axb5 32. Nb2 Rc6 33. Nd3 Nxd3 34. Rxd3 Kg7 35. Kg2 Kf6 36. h4 Ke7 37. R3d2 Rc3 38. Rd3 Rc2+ 39. R3d2 Rc3 1/2-1/2

[Event "Mediterranean-ch U20"]
[Site "Crete"]
[Date "2013.08.30"]
[Round "5"]
[White "Filoxeni, Danai"]
[Black "Vasileiou, Aimilia"]
[Result "1/2-1/2"]
[WhiteElo "1432"]
[BlackElo "1417"]
[PlyCount "73"]
[EventDate "2013.08.27"]
[EventType "swiss"]
[EventRounds "9"]
[EventCountry "GRE"]
[SourceTitle "CBM 156 Extra"]
[Source "ChessBase"]
[SourceDate "2013.10.22"]
[SourceVersion "1"]
[SourceVersionDate "2013.10.22"]
[SourceQuality "1"]

1. d4 d5 2. c4 e6 3. Nf3 Nf6 4. Nc3 c5 5. Bg5 dxc4 6. dxc5 Qxd1+ 7. Rxd1 Nfd7 8. Nb5 Na6 9. e3 Bxc5 10. Bxc4 0-0 11. 0-0 Nb6 12. Bb3 Bd7 13. Nd6 Bxd6 14. Rxd6 Nc5 15. Nd2 Rac8 16. e4 Bb5 17. Re1 Nxb3 18. Nxb3 Nc4 19. Rd4 Nxb2 20. Na5 b6 21. Nb7 Ba6 22. Nd6 Rc7 23. Rb1 f6 24. Rxb2 fxg5 25. h3 Rd7 26. e5 Bb7 27. Rc2 Bd5 28. Rd1 h6 29. Rd4 Rf4 30. Rxf4 gxf4 31. a3 Bb7 32. h4 Ba6 33. Rc3 g5 34. h5 Be2 35. f3 Ba6 36. Kf2 Bb7 37. Rc1 1/2-1/2

[Event "Crete Poa op"]
[Site "Crete"]
[Date "2012.04.28"]
[Round "5"]
[White "Vasileiou, Aimilia"]
[Black "Petraki, Argiro"]
[Result "1-0"]
[WhiteElo "1085"]
[BlackElo "1000"]
[PlyCount "73"]
[EventDate "2012.04.26"]
[EventType "swiss"]
[EventRounds "7"]
[EventCountry "GRE"]
[SourceTitle "EXT 2024"]
[Source "ChessBase"]
[SourceDate "2023.10.10"]
[SourceVersion "1"]
[SourceVersionDate "2023.10.10"]
[SourceQuality "1"]

1. d4 Nf6 2. Nc3 g6 3. Bf4 Bg7 4. Nf3 0-0 5. e3 d5 6. Be2 Nbd7 7. Nb5 Ne8 8. Nc3 Ndf6 9. Ne5 Bf5 10. Bd3 Nd6 11. h3 Nde4 12. Rb1 a5 13. f3 Nd6 14. g4 Be6 15. Qe2 Nd7 16. Qh2 Nb6 17. Be2 Rc8 18. h4 h6 19. h5 g5 20. Bg3 c5 21. Rd1 c4 22. f4 f6 23. Ng6 Re8 24. fxg5 fxg5 25. Be5 Nf7 26. Bxg7 Kxg7 27. Rf1 Qd7 28. a3 Bxg4 29. Rxf7+ Kxf7 30. Ne5+ Kg7 31. Nxd7 Bxe2 32. Nxb6 Rc6 33. Kxe2 Rxb6 34. Qe5+ Kf7 35. Qxd5+ Kf8 36. Rf1+ Kg7 37. Qf7+ 1-0